Retrouvez les paroles: Un matin de mai fleuri - Statistiques

Statistiques générales
  • Ce quiz a été pris 27 fois
  • Le résultat moyen est 87 sur 127
Statistiques - réponses
Paroles % Correct
à
100%
de
100%
mai
100%
matin
100%
fleuri
95%
Un
95%
La
91%
la
91%
du
86%
En
86%
Il
82%
Le
82%
le
82%
se
82%
ce
77%
est
77%
et
77%
Et
77%
bon
73%
Nos
73%
nos
73%
sa
73%
fleurs
68%
fois
68%
nous
68%
pensées
68%
quelques
68%
sont
68%
très
68%
beau
64%
les
64%
Sur
64%
blanche
59%
Car
59%
on
59%
profondes
59%
soleil
59%
aventureux
55%
avis
55%
d'entendre
55%
d'un
55%
monde
55%
pâquerette
55%
sommes
55%
mille-pattes
50%
papillon
50%
beauté
45%
endormi
45%
feuille
45%
jour
45%
lys
45%
d'or
41%
rêve
41%
s'embrassent
41%
encore
36%
sérieux
36%
violette
36%
voisine
36%
voit
36%
délasse
32%
leurs
32%
ramper
32%
corolles
27%
moins
27%
ébouriffé
23%
modestie
23%
narcisse
23%
ailes
18%
dansent
18%
entrouvrent
18%
volent
18%
Cornélies
5%
Aucun quiz correspondant
Distribution des résultats
% des personnes avec chaque résultat
Percentile par nombre de réponses
Votre historique - résultats
Vous n’avez pas pris ce quiz